|
|
|
|
| LEADER |
00000cam a22000004a 4500 |
| 001 |
musev2_8337 |
| 003 |
MdBmJHUP |
| 005 |
20230905040938.0 |
| 006 |
m o d |
| 007 |
cr||||||||nn|n |
| 008 |
080522s2008 hiu o 00 0 eng d |
| 010 |
|
|
|z 2008022150
|
| 020 |
|
|
|a 9780824864071
|
| 020 |
|
|
|z 0824864077
|
| 020 |
|
|
|z 9780824832858
|
| 035 |
|
|
|a (OCoLC)436094100
|
| 040 |
|
|
|a MdBmJHUP
|c MdBmJHUP
|
| 043 |
|
|
|a a-ja---
|
| 050 |
0 |
4 |
|a PL726.57.F65
|b A59 2008
|
| 082 |
0 |
|
|a 808.8/0355
|2 22
|
| 100 |
1 |
|
|a Aoyama, Tomoko.
|
| 245 |
1 |
0 |
|a Reading Food in Modern Japanese Literature /
|c Tomoko Aoyama.
|
| 264 |
|
1 |
|a Honolulu :
|b University of Hawai'i Press,
|c 2008.
|
| 264 |
|
3 |
|a Baltimore, Md. :
|b Project MUSE,
|c 2012
|
| 264 |
|
4 |
|c ©2008.
|
| 300 |
|
|
|a 1 online resource:
|b ill. ;
|
| 336 |
|
|
|a text
|b txt
|2 rdacontent
|
| 337 |
|
|
|a computer
|b c
|2 rdamedia
|
| 338 |
|
|
|a online resource
|b cr
|2 rdacarrier
|
| 504 |
|
|
|a Includes bibliographical references (p. [211]-262) and index.
|
| 505 |
0 |
|
|a Food in the diary -- Down-to-Earth eating and writing (1) -- Down-to-Earth eating and writing (2) -- Cannibalism in modern Japanese literature -- The gastronomic novels -- Food and gender in contemporary women's literature -- Confession of obsessive textual food eater.
|
| 588 |
|
|
|a Description based on print version record.
|
| 650 |
|
0 |
|a Food in literature.
|
| 650 |
|
0 |
|a Japanese literature
|y 20th century
|x History and criticism.
|
| 655 |
|
7 |
|a Electronic books.
|2 local
|
| 710 |
2 |
|
|a Project Muse.
|e distributor
|
| 830 |
|
0 |
|a Book collections on Project MUSE.
|
| 856 |
4 |
0 |
|z Texto completo
|u https://projectmuse.uam.elogim.com/book/8337/
|
| 945 |
|
|
|a Project MUSE - Custom Collection
|
| 945 |
|
|
|a Project MUSE - Archive Complete Foundation
|
| 945 |
|
|
|a Project MUSE - Archive Literature Foundation
|
| 945 |
|
|
|a Project MUSE - Archive Asian and Pacific Studies Foundation
|